Gaming Quiz

Random Gaming or Nintendo Quiz

Super Smash Bros. Quiz Stats

Quiz not verified by Sporcle

Challenge
Share
Tweet
Embed
Score 0/32 Timer 15:00
0 Plays Today
Feature/Character % Correct
Mario
97.9%
Luigi
95.8%
Captain Falcon
87.5%
Link
86.8%
Pikachu
86.8%
Donkey Kong
85.4%
Ness
84.7%
Kirby
84%
Jigglypuff
84%
Samus
83.3%
Fox
81.9%
Yoshi
81.3%
Hyrule Castle
52.8%
Dreamland
49.3%
Saffron City
48.6%
Mushroom Kingdom
47.9%
Feature/Character % Correct
Peach's Castle
45.1%
Yoshi's Island
43.1%
Master Hand
42.4%
Break the Targets
42.4%
Congo Jungle
41.7%
Planet Zebes
41%
Board the Platforms
38.9%
Sector Z
38.9%
Fighting Polygon Team
31.3%
Race to the Finish
29.9%
Final Destination
29.9%
1P Mode
28.5%
Battlefield
26.4%
Training Mode
19.4%
Versus Mode
15.3%
Metal Mario's Stage
6.9%

You're not logged in!

Compare scores with friends on all Sporcle quizzes.
Join for Free
OR
Log In

You Might Also Like...

Show Comments

Extras

Top Quizzes Today


Score Distribution

Your Account Isn't Verified!

In order to create a playlist on Sporcle, you need to verify the email address you used during registration. Go to your Sporcle Settings to finish the process.

Report this User

Report this user for behavior that violates our Community Guidelines.

Details: